| 000 | 00549cam a22002051 4500 | ||
|---|---|---|---|
| 001 | sa 65000542 | ||
| 003 | DLC | ||
| 005 | 20260227112103.0 | ||
| 008 | 890227s1963 pk 000 f urdo | ||
| 010 | _asa 65000542 | ||
| 035 | _a(OCoLC)23579492 | ||
| 040 |
_aDLC _cDLC _dDLC |
||
| 050 | 0 | 0 |
_aPK2199.A285 _bB43 1963 |
| 100 | 0 |
_aAe. Ār. K̲h̲ātūn, _d1900-1965. |
|
| 245 | 1 | 0 |
_aBhāʼī bahan / _cAe. Ār. K̲h̲ātūn. |
| 260 |
_aLāhaur : _bĀʼīnah-yi Adab, _c1963. |
||
| 300 |
_a102 p. ; _c19 cm. |
||
| 500 | _aNovel. | ||
| 546 | _aIn Urdu. | ||
| 999 |
_c61594 _d61594 |
||